000 00616nam a22001937a 4500
005 20250910123154.0
008 250910b |||||||| |||| 00| 0 eng d
037 _cTB
040 _aCL
_cCL
041 _2Hin
_aHindi
100 _aवत्सराज
_9820987
245 _aतुलसी शतदल
260 _aभारत, राजस्थान
_bआर्दश साहित्य संघ
_c1999
300 _a112पृ.
365 _b15
_cINR
700 _aवत्सराज
_e।नण्
_9820987
942 _2CC
_cTB
_n0
999 _c1435297
_d1435297